[Informacionnyje technologii v ekonomike i sisteme obrazovanija]

Recenzia na zborník príspevkov videokonferencie s názvom Informačné technológie v ekonomike a vzdelávaní. Medzinárodnú dištančnú konferenciu študentských vedeckých prác zorganizovala Ekonomická univerzita v Bratislave dňa 2. marca 2011.

Gespeichert in:
Bibliographische Detailangaben
1. Verfasser: Kvapil, Roman, 1971-
Format: Buchkapitel
Sprache:Russisch
Schlagworte:
Tags: Tag hinzufügen
Keine Tags, Fügen Sie das erste Tag hinzu!

MARC

LEADER 00000nla$a2200000$$$4500
001 0130181
005 20240502072505.8
041 0 |a rus 
044 |a SK 
245 1 0 |a [Informacionnyje technologii v ekonomike i sisteme obrazovanija]  |c Roman Kvapil 
520 |a Recenzia na zborník príspevkov videokonferencie s názvom Informačné technológie v ekonomike a vzdelávaní. Medzinárodnú dištančnú konferenciu študentských vedeckých prác zorganizovala Ekonomická univerzita v Bratislave dňa 2. marca 2011. 
610 2 0 |a technológie informačné 
610 2 0 |a technológie komunikačné 
610 2 0 |a ekonómia 
610 2 0 |a vzdelávanie 
610 2 0 |a recenzie 
100 1 |a Kvapil, Roman, 1971-